banner koha

Flora das cangas da Serra dos Carajás, Pará, Brasil: Peraceae (Registro n. 331497)

MARC details
000 -LÍDER
fixed length control field 01543nab a2200241 i 4500
003 - CÓDIGO MARC DA AGÊNCIA CATALOGADORA
Campo de controle BR-BrBNA
005 - DATA E HORA DA ÚLTIMA ATUALIZAÇÃO
Campo de controle 20250514114331.0
008 - CAMPO DE TAMANHO FIXO
fixed length control field 250514b2017 bl.qr|pooa||| 00| 0 por |
040 ## - FONTE DA CATALOGAÇÃO
Agência catalogadora BR-BrBNA
Idioma da catalogação por
072 ## - CATEGORIA AGRIS
Código AGRIS F70
100 ## - ENTRADA PRINCIPAL - NOME PESSOAL
Nome pessoal Secco, Ricardo de S.
100 ## - ENTRADA PRINCIPAL - NOME PESSOAL
Nome pessoal Bigio, Narcísio Costa
245 ## - TÍTULO PRINCIPAL
Título principal Flora das cangas da Serra dos Carajás, Pará, Brasil: Peraceae
500 ## - NOTA GERAL
Nota geral Publicação on-line; 7 ref.; 1 illus.; Summaries (En, Pt)
942 ## - ADDED ENTRY ELEMENTS (KOHA)
Koha item type Analítica
520 ## - NOTA DE RESUMO
Nota de conteúdo <br/><br/>Resumo<br/><br/>O estudo foi baseado em coleções depositadas nos herbários RB, MG e UB, assim como espécimes observados<br/>em campo. Apenas uma espécie de Pera foi registrada: P. membranacea. São apresentados descrição, ilustração<br/>e comentários para a espécie.<br/><br/>Palavras-chave: Amazônia, Neotrópicos, Pera, taxonomia.<br/><br/><br/><br/><br/>Abstract<br/><br/>The study was based on collections deposited in the herbaria RB, MG and UB, as well as specimens observed<br/>in the field. Only one species of Pera was recorded, P. membranacea. Descriptions, illustrations, and comments<br/>for the species are provided.<br/><br/>Key words: Amazon, Neotropics, Pera, taxonomy.
650 ## - ASSUNTO - THESAGRO
Cabeçalho tópico ou nome geográfico AMAZÔNIA
650 ## - ASSUNTO - THESAGRO
Cabeçalho tópico ou nome geográfico TAXONOMIA
650 ## - ASSUNTO - THESAGRO
Cabeçalho tópico ou nome geográfico CARAJÁS
773 0# - ENTRADA ANALÍTICA
Host Biblionumber 709
Registro do item 350025
Imprenta Rio de Janeiro-RJ Jardim Botanico do Rio de Janeiro 1935
Outro identificador 2025-2634
Título Rodriguésia (Brazil)
ISSN 0370-6583; 2175-7860 on-line
Colação v. 68(3 special number) p. 1073-1075; (2017)
Número de controle de registro BR2025000962
856 ## - ACESSO E ENDEREÇO ELETRÔNICO
Identificador uniforme de recurso - URI https://www.scielo.br/j/rod/a/JXL6mRThM9gqLPCWgDm6LXj/?format=pdf&lang=pt

Nenhum exemplar disponível.

BINAGRI

Telefone: (61)3218-2567/2388/3357/2097 - binagri@agro.gov.br

Ministério da Agricultura e Pecuária , Esplanada dos Ministérios, Bloco D, Anexo B, Brasília/DF, CEP: 70.043-900